Ч. 2: Нелинейные системы. Системы дискретного действия; Вероятностный анализ систем автоматического управления

Detaylı Bibliyografya
Parent link:Вероятностный анализ систем автоматического управления: в 2 т./ Н. А. Лившиц, В. Н. Пугачев. Ч. 2: Нелинейные системы. Системы дискретного действия.— , 1963-
Dil:Rusça
Baskı/Yayın Bilgisi: 1963
Konular:
Materyal Türü: MixedMaterials Kitap
KOHA link:https://koha.lib.tpu.ru/cgi-bin/koha/opac-detail.pl?biblionumber=154817

MARC

LEADER 00000nam2a2200000 4500
001 154817
005 20231031152026.0
035 |a (RuTPU)RU\TPU\book\167916 
090 |a 154817 
100 |a 20090304d1963 k y0rusy50 ca 
101 0 |a rus 
102 |a RU 
105 |a a z 001zy 
200 0 |a Ч. 2: Нелинейные системы. Системы дискретного действия 
210 |d 1963 
215 |a 483 с.  |c черт. 
320 |a Библиогр.: с. 473-476. 
320 |a Предметный указатель: с. 477-480. 
461 1 |0 (RuTPU)RU\TPU\book\188921  |t Вероятностный анализ систем автоматического управления  |o в 2 т.  |f Н. А. Лившиц, В. Н. Пугачев  |v Ч. 2: Нелинейные системы. Системы дискретного действия  |d 1963- 
610 1 |a автоматические системы управления 
610 1 |a математические исследования 
610 1 |a вероятностный анализ 
610 1 |a нелинейные системы 
610 1 |a системы дискретного действия 
610 1 |a случайные процессы 
801 1 |a RU  |b 63413507  |c 20090304  |g PSBO 
801 2 |a RU  |b 63413507  |c 20100125  |g RCR 
942 |c BK